| 000 | 00731nam a2200217 i 4500 | ||
|---|---|---|---|
| 001 | 122206 | ||
| 003 | ES-MaACL | ||
| 005 | 20240312150859.0 | ||
| 007 | t| | ||
| 008 | 070214s1969 sp a |||| | spa d | ||
| 245 | 0 | 4 |
_aLos caminos actuales de la crítica / _cdirigido por Georges Poulet ; con una sección bibliográfica de Dominique Noguez ; traducción de Gonzalo Suárez Gómez. |
| 250 | _a1ª ed. | ||
| 260 |
_aBarcelona : _bPlaneta, _c1969. |
||
| 300 |
_a355 p. : _bil. ; _c22 cm. |
||
| 650 | 4 |
_aCrítica literaria- _yS.XX. _911452 |
|
| 700 | 1 |
_aPoulet, Georges. _993441 |
|
| 700 | 1 |
_aNoguez, Dominique. _985896 |
|
| 700 | 1 |
_aSuárez Gómez, Gonzalo _9108625 |
|
| 852 |
_aES-MaACL _jC-38581 |
||
| 999 |
_c122206 _d122206 |
||